The Iraq War Coalition - Statistics

General Stats
  • This quiz has been taken 1,201 times
  • The average score is 19 of 40
Answer Stats
Soldiers deployed Year of withdrawal Answer % Correct
165 000 2011 United States of America
99%
3 700 2011 United Kingdom
97%
2 000 2009 Australia
82%
1 300 2004 Spain
82%
2 500 2008 Poland
78%
3 200 2006 Italy
77%
600 2006 Japan
75%
128 2005 Portugal
71%
61 2004 New Zealand
69%
150 2006 Norway
69%
3 600 2008 South Korea
67%
545 2008 Denmark
64%
1 345 2005 Netherlands
64%
730 2009 Romania
58%
485 2008 Bulgaria
56%
300 2005 Hungary
56%
40 2009 Estonia
55%
136 2008 Latvia
55%
120 2007 Lithuania
55%
110 2007 Slovakia
55%
1 650 2008 Ukraine
52%
300 2008 Czech Republic
45%
2 ? Iceland
41%
240 2008 Albania
36%
423 2004 Thailand
36%
85 2008 Bosnia and Herzegovina
34%
2 000 2008 Georgia
31%
46 2008 Armenia
29%
77 2008 Macedonia
29%
51 2004 Philippines
29%
250 2008 Azerbaijan
27%
24 2008 Moldova
26%
175 2008 Singapore
24%
29 2008 Kazakhstan
19%
180 2008 Mongolia
16%
368 2004 Honduras
11%
380 2009 El Salvador
10%
230 2004 Nicaragua
9%
302 2004 Dominican Republic
8%
55 2008 Tonga
8%
No matching quizzes found
Score Distribution
Percent of People with Each Score
Percentile by Number Answered
Your Score History
You have not taken this quiz